000 nam a22 7a 4500
999 _c52634
_d52634
003 OSt
005 20220627143140.0
008 220627b xxu||||| |||| 00| 0 eng d
040 _cIIMT UNIVERSITY MEERUT
100 _aV. RAJASEKARAN
245 _aFINANCIAL ACCOUNTING
260 _bPEARSON
300 _aPEARSON
942 _2ddc
_c09